000 00352pab a2200145 454500
008 180718b1990 xxu||||| |||| 00| 0 eng d
100 _aChapman, Richard A.
245 _aDecision making revisited
260 _c1990
300 _a353-67
362 _aAutumn
650 _aOfficial Secrets - U.K.
773 _aPublic Administration
909 _a14676
999 _c14676
_d14676